000 02022nam a2200385 i 4500
001 C00024000c
005 20241029144108.0
008 970117s1797 sp 001 0dspa d
100 1 _aMengs, Anton Raphael (
_d1728-1779)
_91224
245 1 0 _aObras de D. Antonio Rafael Mengs, primer pintor de cámara del rey /
_cpublicadas por Joseph Nicolas de Azara.
250 _aSegunda edicion.
260 _aEn Madrid :
_ben la Imprenta Real, siendo regente don Pedro Julian Pereyra,
_c1797.
300 _a[8], LII, 1-400, [4], 401-402 p. ;
_c4º (27 cm)
500 _aPalau 164516, CCPB000145704-7, BNE, BVDB20100006016, COPAC.
500 _aSign.: [ ]4, A-Z4, 2A-2Z4, 3A-3K4, 3L, *2, 3L.
500 _aError en sign. tip.: las h. *2 correspondientes a las [4] p. enc. entre las p. 400 y 401son parte del índice, ubicado al comienzo de la obra. La secuencia debería ser: [ ]4, *2, A-Z4, 2A-2Z4, 3A-3K4, 3L2.
500 _aError de numeración: en p. 108 pone 810.
500 _aError de pag.: de p. 324 pasa a 327.
500 _aNotas a pie de p.
500 _aLegado Lafuente Ferrari.
500 _aEnc. pasta con nervios en el lomo, intonso.
500 _aEjemp. con ondulaciones.
500 _aEn la descripción de Palau de esta segunda ed., así como en CCPB, se hace referencia a un retrato del autor que no se encuentra en este ejemp., en el digitalizado (enlace en parte inferior) se puede contemplar detrás del índice.
500 _aObra digitalizada en Internet: Google (enlace en parte inferior)
650 _aArte-
_xEstética.
_986502
650 _aPintura-
_vDiscursos, ensayos, conferencias.
_978738
700 1 _aAzara, José Nicolás de (
_d1730-1804)
_95125
700 1 _aPereyra, Pedro Julián.
_935411
710 2 _aImprenta Real (Madrid)
_918818
752 _aEspaña -
_dMadrid
852 4 _jLF-4162
856 4 0 _uhttp://books.google.es/books?id=-INqaJoiBycC&printsec=frontcover&hl=es&source=gbs_ge_summary_r&cad=0#v=onepage&q&f=false
999 _c23483
_d23483